Reader and writer / (Record no. 7066)
[ view plain ]
| 000 -LEADER | |
|---|---|
| fixed length control field | 00836nam a22002777a 4500 |
| 001 - CONTROL NUMBER | |
| JCCL Control Number | 7066 |
| 003 - CONTROL NUMBER IDENTIFIER | |
| JCCL marc code | BD-JhCC |
| 005 - DATE AND TIME OF LATEST TRANSACTION | |
| control field | 20180204173610.0 |
| 008 - FIXED-LENGTH DATA ELEMENTS--GENERAL INFORMATION | |
| fixed length control field | 690714s1969 maua 001 0 eng |
| 035 ## - SYSTEM CONTROL NUMBER | |
| system control number | (BD-JhCC)7066 |
| 040 ## - CATALOGING SOURCE | |
| Original cataloging agency | DLC |
| Transcribing agency | DLC |
| Modifying agency | DLC |
| -- | BD-JhCC |
| 041 ## - LANGUAGE CODE | |
| Language code of Book | eng |
| 050 00 - LIBRARY OF CONGRESS CALL NUMBER | |
| Classification number | PE1417 |
| Item number | .H35 1969 |
| 082 00 - DEWEY DECIMAL CLASSIFICATION NUMBER | |
| Classification number | 808.04/275 |
| Author mark and Year | HAY 1969 |
| 100 1# - MAIN ENTRY--PERSONAL NAME | |
| Personal name | Hayford, Harrison, |
| 245 10 - TITLE STATEMENT | |
| Title | Reader and writer / |
| Statement of responsibility, etc | [edited by] Harrison Hayford [and] Howard P. Vincent. |
| 250 ## - EDITION STATEMENT | |
| Edition statement | 3d ed. |
| 260 ## - PUBLICATION, DISTRIBUTION, ETC. (IMPRINT) | |
| Place of publication, distribution, etc | Boston: |
| Name of publisher, distributor, etc | Houghton Mifflin, |
| Date of publication, distribution, etc | 1969. |
| 300 ## - PHYSICAL DESCRIPTION | |
| Pagination | xiii, 562 p. |
| Other physical details | illus. |
| Dimensions | 24 cm. |
| 650 #0 - SUBJECT ADDED ENTRY--TOPICAL TERM | |
| Topical term or geographic name as entry element | College readers. |
| 650 #0 - SUBJECT ADDED ENTRY--TOPICAL TERM | |
| Topical term or geographic name as entry element | Education |
| 650 #0 - SUBJECT ADDED ENTRY--TOPICAL TERM | |
| Topical term or geographic name as entry element | Report writing |
| General subdivision | Problems, exercises, etc. |
| 650 #0 - SUBJECT ADDED ENTRY--TOPICAL TERM | |
| Topical term or geographic name as entry element | English language |
| General subdivision | Rhetoric. |
| 700 1# - ADDED ENTRY--PERSONAL NAME | |
| Personal name | Vincent, Howard P. |
| Fuller form of name | (Howard Paton), |
| Dates associated with a name | 1904-1985, |
| 942 ## - ADDED ENTRY ELEMENTS (KOHA) | |
| Source of classification or shelving scheme | Dewey Decimal Classification |
| Koha item type | Books |
| Source of classification or shelving scheme | Damaged status | Not for loan | Home library | Current library | Shelving location | Date of accession | Total Checkouts | Full call number | Barcode | Date last seen | Copy number | Koha item type |
|---|---|---|---|---|---|---|---|---|---|---|---|---|
| Dewey Decimal Classification | JCC Rouf Library | JCC Rouf Library | General Stacks | 02/04/2018 | 808.04/275 HAY 1969 | 995 | 02/04/2018 | C-1 | Books |